00305nam a2200109Ia 4500008004100000082000900041100003100050245003300081260001500114630003300129730003300162100328s9999 xx 000 0 und d b1480 aNational Planing Committee aManufacturing Industries -II bVora & Co. aManufacturing Industries -II aManufacturing Industries -II